LEADER 01185nam a2200253 a 4500 001 991003500249707536 008 180515s1994 ilu 000 0 eng d 035 $ab14342777-39ule_inst 040 $aBibl. Dip.le Aggr. Ingegneria Innovazione - Sez. Ingegneria Innovazione$beng 082 00$a006.64 245 00$aCourier High Speed Modems :$bcourier V.34 Fax, Courier Dual Standard V.34 Fax, Internal and External Modems : user's manual /$cU.S. Robotics, Inc. 260 $aSkokie, Illinois :$bU.S. Robotics,$cc1994 300 $axvi, 260 p. ;$c24 cm 300 $a1 v. (various pagings) ;$c23 cm 650 0$aAnalog-to-digital converters 650 0$aDigital-to-analog converters 650 0$aModems 710 2 $aU.S. Robotics, Inc.$eauthor$4http://id.loc.gov/vocabulary/relators/aut$0785503 907 $a.b14342777$b22-05-18$c15-05-18 912 $a991003500249707536 945 $aLE026 006.64 USR 01.01 1994 Scaff. A/5$g1$i2026000071862$lle026$mRiporre nello scaffale A/5$nProf. Tommasi / Dono$og$pE15.00$q-$rl$s- $t0$u0$v0$w0$x0$y.i15847202$z15-05-18 996 $aCourier High Speed Modems$91748744 997 $aUNISALENTO 998 $ale026$b15-05-18$cm$da $e-$feng$gilu$h0$i0 LEADER 03998nam 22007455 450 001 9910298584403321 005 20200705050804.0 010 $a981-13-0359-2 010 $a978-981-13-0359-3 024 7 $a10.1007/978-981-13-0359-3 035 $a(CKB)4100000004244373 035 $a(DE-He213)978-981-13-0359-3 035 $a(MiAaPQ)EBC5396692 035 $a(PPN)227399366 035 $a(EXLCZ)994100000004244373 100 $a20180515d2018 u| 0 101 0 $aeng 135 $aurnn|008mamaa 181 $ctxt$2rdacontent 182 $cc$2rdamedia 183 $acr$2rdacarrier 200 10$aBionic Functional Structures by Femtosecond Laser Micro/nanofabrication Technologies /$fby Guoqiang Li 205 $a1st ed. 2018. 210 1$aSingapore :$cSpringer Singapore :$cImprint: Springer,$d2018. 215 $a1 online resource (XV, 128 p. 115 illus., 84 illus. in color.) 225 1 $aSpringer Theses, Recognizing Outstanding Ph.D. Research,$x2190-5053 311 $a981-13-0358-4 327 $aIntroduction -- Key technological of bionic structure surfaces induced by femtosecond laser -- Bionic structure induced by femtosecond laser -- PDMS surface wetting based on metal template by femtosecond laser -- Three-dimensional porous metal micro/nano cage structure by femtosecond laser with ethanol assisted -- Superhydrophilic/ underwater superoleophobic microcone arrays by sucrose solution assisted femtosecond laser -- Conclusion and Outlook. 330 $aThis thesis combines advanced femtosecond laser micro/nanofabrication technologies and frontier bionic design principles to prepare diverse biomimetic micro/nanostructures to realize their functions. By studying the formation mechanism of the micro/nanostructures, the author identifies various artificial structural colors, three-dimensional micro/nanocage arrays, and fish-scale inspired microcone arrays in different processing environments. Multiple functions such as enhanced antireflection, hydrophobicity, and underwater superoleophobicity are achieved by precisely adjusting laser-machining parameters. This novel design and method have extensive potential applications in the context of new colorizing technologies, microfluidics, microsensors, and biomedicine. 410 0$aSpringer Theses, Recognizing Outstanding Ph.D. Research,$x2190-5053 606 $aNanotechnology 606 $aNanochemistry 606 $aAtoms 606 $aPhysics 606 $aMaterials?Surfaces 606 $aThin films 606 $aLasers 606 $aPhotonics 606 $aNanotechnology$3https://scigraph.springernature.com/ontologies/product-market-codes/Z14000 606 $aNanochemistry$3https://scigraph.springernature.com/ontologies/product-market-codes/C33000 606 $aAtoms and Molecules in Strong Fields, Laser Matter Interaction$3https://scigraph.springernature.com/ontologies/product-market-codes/P24025 606 $aSurfaces and Interfaces, Thin Films$3https://scigraph.springernature.com/ontologies/product-market-codes/Z19000 606 $aOptics, Lasers, Photonics, Optical Devices$3https://scigraph.springernature.com/ontologies/product-market-codes/P31030 615 0$aNanotechnology. 615 0$aNanochemistry. 615 0$aAtoms. 615 0$aPhysics. 615 0$aMaterials?Surfaces. 615 0$aThin films. 615 0$aLasers. 615 0$aPhotonics. 615 14$aNanotechnology. 615 24$aNanochemistry. 615 24$aAtoms and Molecules in Strong Fields, Laser Matter Interaction. 615 24$aSurfaces and Interfaces, Thin Films. 615 24$aOptics, Lasers, Photonics, Optical Devices. 676 $a541.2 700 $aLi$b Guoqiang$4aut$4http://id.loc.gov/vocabulary/relators/aut$0472016 801 0$bMiAaPQ 801 1$bMiAaPQ 801 2$bMiAaPQ 906 $aBOOK 912 $a9910298584403321 996 $aBionic Functional Structures by Femtosecond Laser Micro$91566598 997 $aUNINA LEADER 04305nam 22006853 450 001 9910513583703321 005 20241120174558.0 010 $a9781760464578 010 $a1760464570 035 $a(MiAaPQ)EBC6829395 035 $a(Au-PeEL)EBL6829395 035 $a(CKB)20189146800041 035 $a(OCoLC)1268255637 035 $a(oapen)https://directory.doabooks.org/handle/20.500.12854/74971 035 $a(Perlego)3064330 035 $a(oapen)doab74971 035 $a(EXLCZ)9920189146800041 100 $a20211224d2021 uy 0 101 0 $aeng 135 $aurcnu|||||||| 181 $ctxt$2rdacontent 182 $cc$2rdamedia 183 $acr$2rdacarrier 200 10$aRote-Meto Comparative Dictionary 205 $a1st ed. 210 $aCanberra$cANU Press$d2021 210 1$aCanberra :$cANU Press,$d2021. 210 4$dİ2021. 215 $a1 online resource (464 pages) 225 1 $aAsia-Pacific Linguistics 311 08$aPrint version: Edwards, Owen Rote-Meto Comparative Dictionary Canberra : ANU Press,c2021 9781760464561 327 $aIntro -- Acknowledgements -- Abbreviations and symbols -- Speech varieties listed in the dictionary -- Introduction -- 1.1?Purpose -- 1.2?Limitations -- 1.3?Data sources -- 1.3.1?Rote -- 1.3.2?Meto -- 1.3.3?Other languages -- 1.4?Transcription -- 1.4.1?Jonker's transcription -- 1.4.2?Middelkoop's transcription -- 1.5?Structure of the dictionary -- 1.5.1?Out-comparisons -- 1.5.2?Multiple reflexes -- 1.5.3?Fields/parts of entries -- 1.5.4?Loan distributions -- 1.5.5?Finder lists -- Language background -- 2.1?Introduction -- 2.2?Rote -- 2.3?Meto -- 2.4?Segmental phonologies -- 2.4.1?Rote -- 2.4.2?Meto -- 2.5?Meto morphophonemic processes -- 2.5.1?Metathesis -- 2.5.2?Consonant insertion -- 2.5.3?Diphthongisation and vowel assimilation -- 2.6?Morphology -- 2.6.1?Nominal suffix -k/-? -- 2.6.2?Possessive morphology -- 2.6.3?Reduplication -- 2.6.4?Nominalisation -- 2.6.5?Verb agreement -- 2.6.6?Derivational verbal morphology -- Historical background -- 3.1?Introduction -- 3.2?Sound correspondences -- 3.2.1?Initial and medial consonants -- 3.2.2?Final consonants -- 3.2.3?Vowels -- 3.3?Internal sub-grouping -- 3.3.1?Nuclear Rote (NRote) -- 3.3.2?Central East Rote and Meto (CERM) -- 3.3.3?West Rote-Meto (WRM) -- 3.3.4?Meto -- 3.4?Levels of reconstruction -- 3.5?Rote-Meto within Malayo-Polynesian -- 3.5.1?Sound changes between PMP and PRM -- 3.5.2?Sound change and language shift -- 3.5.3?Subgrouping within Malayo-Polynesian -- Rote-Meto - English -- A - a -- B - b -- ? - ? -- D - d -- ? - ? -- E - e -- ? - ? -- F - f -- H - h -- I - i -- K - k -- ? - ? -- L - l -- M - m -- MB - mb -- N - n -- ND - nd -- ? - ? -- ?G - ?? -- O - o -- P - p -- R - r -- S - s -- T - t -- U - u -- W - w -- # -- English - Rote-Meto -- Proto-Malayo-Polynesian - Proto?Rote-Meto -- References. 330 $aThis comparative dictionary provides a bottom-up reconstruction of the Rote?Meto languages of western Timor. Rote-Meto is one low-level Austronesian subgroup of eastern Indonesia/Timor-Leste. It contains 1,174 reconstructions to Proto-Rote-Meto (or a lower node) with supporting evidence from the modern Rote-Meto languages. 410 0$aAsia-Pacific Linguistics 606 $aDictionaries$2bicssc 606 $aBilingual & multilingual dictionaries$2bicssc 606 $aUsage & grammar guides$2bicssc 606 $aLanguage: history & general works$2bicssc 606 $alinguistics$2bicssc 606 $aHistorical & comparative linguistics$2bicssc 610 $aAustronesian 610 $aTimor 610 $aHistorical Reconstruction 610 $aRote 610 $aMeto 615 7$aDictionaries 615 7$aBilingual & multilingual dictionaries 615 7$aUsage & grammar guides 615 7$aLanguage: history & general works 615 7$alinguistics 615 7$aHistorical & comparative linguistics 676 $a499.5 700 $aEdwards$b Owen$01071137 801 0$bMiAaPQ 801 1$bMiAaPQ 801 2$bMiAaPQ 906 $aBOOK 912 $a9910513583703321 996 $aRote-Meto Comparative Dictionary$92567338 997 $aUNINA